<?xml version="1.0" encoding="UTF-8"?>
<record
    xmlns:xsi="http://www.w3.org/2001/XMLSchema-instance"
    xsi:schemaLocation="http://www.loc.gov/MARC21/slim http://www.loc.gov/standards/marcxml/schema/MARC21slim.xsd"
    xmlns="http://www.loc.gov/MARC21/slim">

  <leader>00572nam a22002177a 4500</leader>
  <controlfield tag="005">20251017203005.0</controlfield>
  <controlfield tag="008">251017b        |||||||| |||| 00| 0 eng d</controlfield>
  <datafield tag="017" ind1=" " ind2=" ">
    <subfield code="a">LD.1462</subfield>
  </datafield>
  <datafield tag="018" ind1=" " ind2=" ">
    <subfield code="a">2025</subfield>
  </datafield>
  <datafield tag="020" ind1=" " ind2=" ">
    <subfield code="a">9789787789278</subfield>
  </datafield>
  <datafield tag="040" ind1=" " ind2=" ">
    <subfield code="a">NLN</subfield>
    <subfield code="b">English</subfield>
    <subfield code="e">AACR2</subfield>
  </datafield>
  <datafield tag="050" ind1=" " ind2=" ">
    <subfield code="a">BS680.B5</subfield>
    <subfield code="b">A159</subfield>
  </datafield>
  <datafield tag="082" ind1=" " ind2=" ">
    <subfield code="a">264.13</subfield>
  </datafield>
  <datafield tag="100" ind1=" " ind2=" ">
    <subfield code="a">ABRAHAM, Lydia P.</subfield>
    <subfield code="e">aut</subfield>
    <subfield code="9">68085</subfield>
  </datafield>
  <datafield tag="245" ind1=" " ind2=" ">
    <subfield code="a">I am blessed /</subfield>
    <subfield code="c">Lydia P. Abraham</subfield>
  </datafield>
  <datafield tag="260" ind1=" " ind2=" ">
    <subfield code="a">[S.l.] :</subfield>
    <subfield code="b">Branding Renovation,</subfield>
    <subfield code="c">2025</subfield>
  </datafield>
  <datafield tag="300" ind1=" " ind2=" ">
    <subfield code="a">iv, 73p. ;</subfield>
    <subfield code="b">20cm.</subfield>
  </datafield>
  <datafield tag="563" ind1=" " ind2=" ">
    <subfield code="a">(pbk.)</subfield>
  </datafield>
  <datafield tag="650" ind1=" " ind2=" ">
    <subfield code="a">Blessing and cursing</subfield>
    <subfield code="9">2923</subfield>
  </datafield>
  <datafield tag="942" ind1=" " ind2=" ">
    <subfield code="c">BK</subfield>
    <subfield code="n">0</subfield>
  </datafield>
  <datafield tag="999" ind1=" " ind2=" ">
    <subfield code="c">33443</subfield>
    <subfield code="d">33443</subfield>
  </datafield>
  <datafield tag="952" ind1=" " ind2=" ">
    <subfield code="0">0</subfield>
    <subfield code="1">0</subfield>
    <subfield code="2">lcc</subfield>
    <subfield code="4">0</subfield>
    <subfield code="7">0</subfield>
    <subfield code="a">ABJ</subfield>
    <subfield code="b">MAIN</subfield>
    <subfield code="d">2025-10-17</subfield>
    <subfield code="e">Legal deposit</subfield>
    <subfield code="i">457223</subfield>
    <subfield code="l">0</subfield>
    <subfield code="o">BS680.B5 A159</subfield>
    <subfield code="p">457223</subfield>
    <subfield code="r">2025-10-17 20:31:08</subfield>
    <subfield code="t">1</subfield>
    <subfield code="w">2025-10-17</subfield>
    <subfield code="y">BK</subfield>
  </datafield>
  <datafield tag="952" ind1=" " ind2=" ">
    <subfield code="0">0</subfield>
    <subfield code="1">0</subfield>
    <subfield code="2">lcc</subfield>
    <subfield code="4">0</subfield>
    <subfield code="7">0</subfield>
    <subfield code="a">BAU</subfield>
    <subfield code="b">MAIN</subfield>
    <subfield code="d">2025-10-17</subfield>
    <subfield code="e">Legal deposit</subfield>
    <subfield code="i">457225</subfield>
    <subfield code="l">0</subfield>
    <subfield code="o">BS680.B5 A159</subfield>
    <subfield code="p">457225</subfield>
    <subfield code="r">2025-10-17 20:35:49</subfield>
    <subfield code="t">1</subfield>
    <subfield code="w">2025-10-17</subfield>
    <subfield code="y">BK</subfield>
  </datafield>
  <datafield tag="952" ind1=" " ind2=" ">
    <subfield code="0">0</subfield>
    <subfield code="1">0</subfield>
    <subfield code="2">lcc</subfield>
    <subfield code="4">0</subfield>
    <subfield code="7">0</subfield>
    <subfield code="a">JAL</subfield>
    <subfield code="b">MAIN</subfield>
    <subfield code="d">2025-10-17</subfield>
    <subfield code="e">Legal deposit</subfield>
    <subfield code="i">457224</subfield>
    <subfield code="l">0</subfield>
    <subfield code="o">BS680.B5 A159</subfield>
    <subfield code="p">457224</subfield>
    <subfield code="r">2025-10-17 20:36:15</subfield>
    <subfield code="t">1</subfield>
    <subfield code="w">2025-10-17</subfield>
    <subfield code="y">BK</subfield>
  </datafield>
</record>
